| 000 | 00623cam a2200193 a 4500 | ||
|---|---|---|---|
| 020 | _a0134624335 (hardcover) | ||
| 040 | _cDLC | ||
| 082 | 0 | 0 | _a635 PNH 1997 C152 Or. |
| 245 | 0 | 0 | _aControlling turfgrass pests / |
| 250 | _a2nd ed | ||
| 260 |
_aUpper Saddle River, N.J. : _bPrentice Hall, _c1997 |
||
| 300 |
_axiii, 655 p. : _bill. (some col.) ; _c25 cm |
||
| 500 | _aRev. ed. of: Controlling turfgrass pests / Malcolm C. Shurtleff, Thomas W. Fermanian, Roscoe Randell. 1987 | ||
| 650 | 0 | _aTurfgrasses | |
| 650 | 0 | _aTurf management | |
| 700 | 1 | _aFermanian, Thomas W | |
| 700 | 1 | _aShurtleff, Malcolm C. | |
| 942 | _cAEDBB | ||
| 999 |
_c18759 _d18759 |
||